LEADER 00960nam0 22002533i 450 001 CAG0096080 005 20170908093251.0 100 $a20090420d2001 ||||0itac50 ba 101 | $aita 102 $ait 181 1$6z01$ai $bxxxe 182 1$6z01$an 200 1 $a˜L'œatto tributario$fAntonio Ruggeri 210 $aRoma$cPontificia Universita Lateranense$d2001 215 $a74 p.$d24 cm 300 $aIn testa al front.: Pontificia Universitas Lateranensis, Facultas Iuris Civilis.Excerpta ex Dissertatione ad Lauream in Iure Civili assequendam. 700 1$aRuggeri$b, Antonio$f <1948- >$3CFIV038270$4070$0292962 801 3$aIT$bIT-NA0079$c20090420 850 $aIT-NA0261 912 $aCAG0096080 950 0$aBiblioteca San Luigi 'Facolta Teologica'$d FTTS. X, 224$e FT 0000046915 B 1 v.$f $h20030124$i20030124 977 $a FT 996 $aAtto tributario$91483868 997 $aUNISANNIO LEADER 02879nam 2200613 450 001 9910453798503321 005 20200520144314.0 010 $a0-8261-9807-4 035 $a(CKB)2550000001170303 035 $a(EBL)1593878 035 $a(SSID)ssj0001080421 035 $a(PQKBManifestationID)12488168 035 $a(PQKBTitleCode)TC0001080421 035 $a(PQKBWorkID)11069742 035 $a(PQKB)11618132 035 $a(MiAaPQ)EBC1593878 035 $a(Au-PeEL)EBL1593878 035 $a(CaPaEBR)ebr10821820 035 $a(CaONFJC)MIL552190 035 $a(OCoLC)865650891 035 $a(EXLCZ)992550000001170303 100 $a20130906h20142014 uy| 0 101 0 $aeng 135 $aur|n|---||||| 181 $ctxt 182 $cc 183 $acr 200 10$aCompact clinical guide to mechanical ventilation $efoundations of practice for critical care nurses /$fSandra Goldsworthy, RN, MSc, PhD(c), CNCC(C), CMSN(C), Leslie Graham, RN, MN, CNCC(C), CHSE 210 1$aNew York, NY :$cSpringer Publishing Company,$d[2014] 210 4$d©2014 215 $a1 online resource (178 p.) 225 1 $aCompact clinical guide 300 $aDescription based upon print version of record. 311 $a0-8261-9806-6 311 $a1-306-20939-0 320 $aIncludes bibliographical references and index. 327 $aOxygen therapy -- Mechanical ventilation overview -- Modes of ventilation -- Mechanical ventilation : management at the bedside -- Weaning from the mechanical ventilator -- Long-term mechanical ventilation : implications -- Mechanical ventilation : pharmacology -- International perspectives on mechanical ventilation and future directions. 330 $aThe only book written about mechanical ventilation by nurses for nurses, this text fills a void in addressing high-level patient care and management specific to critical care nurses. Designed for use by practicing nurses, nursing students, and nursing educators, it provides a detailed, step-by-step approach to developing expertise in this challenging area of practice. The guide is grounded in evidence-based research and explains complex concepts in a user-friendly format along with useful tips for daily practice. It has been written based on the authors' many years of teaching students at all 410 0$aCompact clinical guide series. 606 $aRespiratory therapy 606 $aArtificial respiration 608 $aElectronic books. 615 0$aRespiratory therapy. 615 0$aArtificial respiration. 676 $a615.8/362 700 $aGoldsworthy$b Sandra$f1961-$01028544 701 $aGraham$b Leslie$f1956-$01028545 801 0$bMiAaPQ 801 1$bMiAaPQ 801 2$bMiAaPQ 906 $aBOOK 912 $a9910453798503321 996 $aCompact clinical guide to mechanical ventilation$92444583 997 $aUNINA LEADER 00932nam a22002651i 4500 001 991003773729707536 005 20031007122657.0 008 031111s1989 uik|||||||||||||||||eng 020 $a0631132597 035 $ab12472189-39ule_inst 035 $aARCHE-050546$9ExL 040 $aDip.to Lingue$bita$cA.t.i. Arché s.c.r.l. Pandora Sicilia s.r.l. 082 04$a801 100 1 $aEagleton, Terry$0123654 245 10$aLiterary theory :$ban introduction /$cTerry Eagleton 260 $aOxford :$bBlackwell,$c1989 300 $aVIII, 244 p. ;$c21 cm 650 4$aCritica letteraria$xTeorie 650 4$aLetteratura$xTeorie 907 $a.b12472189$b02-04-14$c13-11-03 912 $a991003773729707536 945 $aLE012 801 EAG 1/A$g1$i2012000121096$lle012$o-$pE0.00$q-$rl$s- $t0$u0$v0$w0$x0$y.i12903450$z13-11-03 996 $aLiterary theory$933839 997 $aUNISALENTO 998 $ale012$b13-11-03$cm$da $e-$feng$guik$h0$i1 LEADER 04203 am 2200757 n 450 001 9910136434703321 005 20151207 010 $a2-36245-051-1 024 7 $a10.4000/books.ifeagd.1491 035 $a(CKB)3710000000601042 035 $a(FrMaCLE)OB-ifeagd-1491 035 $a(oapen)https://directory.doabooks.org/handle/20.500.12854/52384 035 $a(PPN)198369336 035 $a(EXLCZ)993710000000601042 100 $a20160224j|||||||| ||| 0 101 0 $afre 135 $auu||||||m|||| 181 $ctxt$2rdacontent 182 $cc$2rdamedia 183 $acr$2rdacarrier 200 12$aL?horloger du sérail $eAux sources du fantasme oriental chez Jean-Jacques Rousseau /$fPaul Dumont, Remy Hildebrand 210 $a?stanbul $cInstitut français d?études anatoliennes$d2015 215 $a1 online resource (196 p.) 311 $a2-7068-1931-6 330 $a« Mon père, après la naissance de mon frère unique, partit pour Constantinople où il était appelé, et devint horloger du Sérail », lit-on dans les Confessions de J.-J. Rousseau. Artisan spécialisé dans le « rhabillage » des horloges, Isaac Rousseau séjourna à Istanbul de 1705 à 1711, à une époque où la civilisation ottomane s?apprêtait à se laisser aller à L?ivresse de l?époque des tulipes. Il y rejoignit d?autres Genevois qui se consacraient au commerce et à la réparation des « montres turques », objets dont la délicate mécanique ne servait pas seulement à mesurer le temps mais symbolisait aussi, aux yeux des philosophes, les rouages de la société humaine. De retour à Genève, Isaac fut-il l?un de ces voyageurs qui, revenus au bercail, envoûtent leurs proches du récit de leurs souvenirs ? L??uvre de Jean-Jacques est traversée de motifs qui semblent devoir beaucoup aux quelques années passées par notre rhabilleur sur les rives du Bosphore, au service d?un Sérail dont les secrets peuplaient l?imagination de l?Europe des Lumières. Quelle fut l?influence du fantasme oriental dans la vie et l??uvre du Citoyen de Genève ? C?est la question à laquelle veut répondre cet ouvrage. L?enquête porte d?abord sur Isaac et la congrégation genevoise d?Istanbul, mais prend également en compte les tribulations d?une branche « persane » de la famille Rousseau. Chemin faisant, elle se penche sur l??uvre de J.-É. Liotard, peintre genevois qui, ayant travaillé dans la capitale ottomane, contribua au succès des « turqueries ». Dans une deuxième partie, des spécialistes de J.-J. Rousseau sondent son ?uvre à la recherche de réminiscences paternelles, tandis que d?autres contributions cernent les cheminements de l?orientalisme littéraire en vogue au siècle des Lumières. 606 $aHistory 606 $aLiterature (General) 606 $aJean-Jacques Rousseau 606 $aEmpire ottoman 606 $aEurope 606 $aorientalisme 606 $aXVIIIème siècle 606 $areprésentations 610 $aEmpire ottoman 610 $aEurope 610 $aJean-Jacques Rousseau 610 $aorientalisme 610 $areprésentations 610 $aXVIIIème siècle 615 4$aHistory 615 4$aLiterature (General) 615 4$aJean-Jacques Rousseau 615 4$aEmpire ottoman 615 4$aEurope 615 4$aorientalisme 615 4$aXVIIIème siècle 615 4$areprésentations 700 $aBerchtold$b Jacques$0252048 701 $aBocquentin$b Françoise$01309514 701 $aBuyssens$b Danielle$01309515 701 $aDavid$b Thomas$0411798 701 $aDumont$b Paul$0253967 701 $aGyger$b Walter B$01309516 701 $aHildebrand$b Rémy$01309517 701 $aK?l?ç$b Alev$01309518 701 $aLefebvre$b Frédéric$01309519 701 $aNeaimi$b Sadek$01309520 701 $aTinguely$b Frédéric$0697214 701 $aVan Staen$b Christophe A. J. D$01309521 701 $aDumont$b Paul$0253967 701 $aHildebrand$b Remy$01309517 801 0$bFR-FrMaCLE 906 $aBOOK 912 $a9910136434703321 996 $aL?horloger du sérail$93029374 997 $aUNINA LEADER 01999nam 2200469 450 001 9910154840803321 005 20230810001513.0 010 $a1-63472-253-1 035 $a(CKB)3710000000972091 035 $a(MiAaPQ)EBC5155206 035 $a(EXLCZ)993710000000972091 100 $a20180508d2017 uy 0 101 0 $aeng 135 $aurcnu|||||||| 181 $ctxt$2rdacontent 182 $cc$2rdamedia 183 $acr$2rdacarrier 200 10$aControlling an Ozobot /$fby Amber Lovett 210 1$aAnn Arbor, Michigan :$cCherry Lake Publishing,$d[2017] 210 4$d©2017 215 $a1 online resource (24 pages) $cillustrations 225 1 $a21st Century Skills Innovation Library. Makers as Innovators 311 $a1-63472-187-X 320 $aIncludes bibliographical references and index. 327 $aWhat is an Ozobot? -- Types of Ozobots -- What are the parts of an Ozobot? -- Starting with Ozobot -- Drawing paths -- Adding turns -- What are Ozocodes? -- Your neighborhood -- Explore with Ozobot. 330 $a"An Ozobot is a small robot designed to follow user-created paths. Through simple text written to foster creativity and problem solving, students will the art of innovation. Large, colorful images show students how to complete activities. Additional tools, including a glossary and an index, help students learn new vocabulary and locate information."--$cProvided by publisher. 410 0$a21st century skills innovation library.$pMakers as innovators. 606 $aRobots$vJuvenile literature 606 $aRobots$xProgramming$vJuvenile literature 606 $aPersonal robotics$vJuvenile literature 615 0$aRobots 615 0$aRobots$xProgramming 615 0$aPersonal robotics 676 $a629.8/92 700 $aLovett$b Amber$01247949 801 0$bMiAaPQ 801 1$bMiAaPQ 801 2$bMiAaPQ 906 $aBOOK 912 $a9910154840803321 996 $aControlling an Ozobot$92894302 997 $aUNINA LEADER 00881nam0 22002411i 450 001 UON00055576 005 20231205102245.216 100 $a20020107d1963 |0itac50 ba 101 $aeng 102 $aNL 105 $a|||| 1|||| 200 1 $aSchemer over Djakarta$fMochtar Lubis 210 $a[s.l.]$cN. V. Baar$d1963 215 $a319 p.$d22 cm 686 $aINDS VI BA$cINDONESIA - LETTERATURA MODERNA E CONTEMPORANEA - TESTI$2A 700 1$aLUBIS$bMochtar$3UONV003837$0637707 712 $aN. V. Baarn$3UONV254770$4650 801 $aIT$bSOL$c20240220$gRICA 899 $aSIBA - SISTEMA BIBLIOTECARIO DI ATENEO$2UONSI 912 $aUON00055576 950 $aSIBA - SISTEMA BIBLIOTECARIO DI ATENEO$dSI INDS VI BA 005 $eSI MR 82804 5 005 996 $aSchemer over Djakarta$91148169 997 $aUNIOR LEADER 03767nam 22007214a 450 001 9910830017603321 005 20210209195154.0 010 $a1-281-31261-4 010 $a1-78034-117-2 010 $a9786611312619 010 $a1-4051-6665-7 010 $a0-470-99900-4 010 $a0-470-99899-7 035 $a(CKB)1000000000399014 035 $a(EBL)351508 035 $a(OCoLC)430499449 035 $a(SSID)ssj0000290165 035 $a(PQKBManifestationID)11230469 035 $a(PQKBTitleCode)TC0000290165 035 $a(PQKBWorkID)10409083 035 $a(PQKB)11630002 035 $a(MiAaPQ)EBC351508 035 $a(MiAaPQ)EBC4956363 035 $a(Au-PeEL)EBL4956363 035 $a(CaONFJC)MIL131261 035 $a(OCoLC)1027156773 035 $a(PPN)178199656 035 $a(EXLCZ)991000000000399014 100 $a20030220d2004 uy 0 101 0 $aeng 135 $aur|n|---||||| 181 $ctxt 182 $cc 183 $acr 200 04$aThe Blackwell companion to the sociology of families$b[electronic resource] /$fedited by Jacqueline L. Scott, Judith K. Treas, and Martin Richards 205 $a1st ed. 210 $aMalden, MA $cBlackwell Pub.$dc2004 215 $a1 online resource (624 p.) 225 1 $aBlackwell companions to sociology ;$v9 300 $aDescription based upon print version of record. 311 $a1-4051-7563-X 311 $a0-631-22158-1 320 $aIncludes bibliographical references (p. [515]-583) and index. 327 $aThe Blackwell Companion to the Sociology of Families; Contents; List of Contributors; Preface; PART I FAMILIES IN A GLOBALWORLD; 1 Globalization and Western Bias in Family Sociology; 2 Changing European Families: Trends and Issues; 3 Recent Demographic Trends in the US and Implications for Well-Being; 4 Children, Families, States, and Changing Citizenship; 5 Families and Local Communities; PART II LIFE-COURSE PERSPECTIVES ON THE FAMILY; 6 Generations, the Life Course, and Family Change; 7 Children's Families; 8 Aging and the Life Course; 9 Parenting Practices 327 $a10 Time, Through the Life Course, in the FamilyPART III INEQUALITY AND DIVERSITY; 11 Inequality and the Family; 12 Families of the Poor; 13 Social Capital and the Family; 14 Family, the State, and Health Care: Changing Roles in the New Century; 15 Immigrant Families in the US; 16 Immigrant Families in the UK; PART IV CHANGING FAMILY FORMS AND RELATIONSHIPS; 17 Religion, Romantic Love, and the Family; 18 Trends in the Formation and Dissolution of Coupl 330 $aTackling issues relevant to family life today, thisauthoritative Companion shows why studying social change in families is fundamental for understanding the transformations in individual and social life, across the globe. * Contains original essays by expert contributors on a wide range of topics relating to the sociology of families. * Includes coverage of social inequality, parenting practices, children's work, the changing patterns of citizenship, and multi-cultural families. * Gives special attention to European and North American examples. * Discusses previously neglected groups, includin 410 0$aBlackwell companions to sociology ;$v9. 606 $aFamilies$xResearch 606 $aSociology 615 0$aFamilies$xResearch. 615 0$aSociology. 676 $a306.85 676 $a306.85072 701 $aScott$b Jacqueline L$0891743 701 $aTreas$b Judith$0891744 701 $aRichards$b Martin$f1940 Jan. 26-$0891745 801 0$bMiAaPQ 801 1$bMiAaPQ 801 2$bMiAaPQ 906 $aBOOK 912 $a9910830017603321 996 $aThe Blackwell companion to the sociology of families$91991607 997 $aUNINA LEADER 01120oam 2200301z- 450 001 9910619132403321 005 20160814153837.0 010 $a0-7695-4544-0 035 $a(CKB)3360000000370590 035 $a(EXLCZ)993360000000370590 100 $a20121018c2011uuuu -u- - 101 0 $aeng 200 10$a2011 International Conference on Management of e-Commerce and e-Government $eproceedings : 5-6 November 2011, Wuhan, Hubei, China 210 $aWuhan, Hubei China 606 $aElectronic commerce$zChina$vCongresses 606 $aElectronic commerce$xManagement$vCongresses 606 $aInternet in public administration$zChina$vCongresses 606 $aInternet in public administration$vCongresses 615 0$aElectronic commerce 615 0$aElectronic commerce$xManagement 615 0$aInternet in public administration 615 0$aInternet in public administration 676 $a658.8/72 712 02$aIEEE Computer Society, 906 $aPROCEEDING 912 $a9910619132403321 996 $a2011 International Conference on Management of e-Commerce and e-Government$93402367 997 $aUNINA LEADER 01300oam 2200445zu 450 001 9911019635403321 005 20251116153550.0 010 $a3-527-61954-2 035 $a(CKB)1000000000687253 035 $a(SSID)ssj0000354456 035 $a(PQKBManifestationID)11212586 035 $a(PQKBTitleCode)TC0000354456 035 $a(PQKBWorkID)10313848 035 $a(PQKB)10196590 035 $a(EXLCZ)991000000000687253 100 $a20160829d1998 uy 101 0 $aeng 181 $ctxt 182 $cc 183 $acr 200 00$aMetallocenes : synthesis, reactivity, applications 210 31$a[Place of publication not identified]$cWiley VCH$d1998 300 $aBibliographic Level Mode of Issuance: Monograph 311 08$a3-527-29539-9 606 $aMetallocenes 606 $aOrganic Chemistry$2HILCC 606 $aChemistry$2HILCC 606 $aPhysical Sciences & Mathematics$2HILCC 615 0$aMetallocenes. 615 7$aOrganic Chemistry 615 7$aChemistry 615 7$aPhysical Sciences & Mathematics 676 $a547/.05 702 $aHalterman$b Ronald L. 702 $aTogni$b Antonio 801 0$bPQKB 906 $aBOOK 912 $a9911019635403321 996 $aMetallocenes : synthesis, reactivity, applications$91990407 997 $aUNINA